Noticias históricas y genealógicas de los estados de Montijo y Teba : (Record no. 54233)

MARC details
000 -LEADER
campo de control de longitud fija 00743nam a2200193 i 4500
001 - NÚMERO DE CONTROL
campo de control 54233
003 - IDENTIFICADOR DE NÚMERO DE CONTROL
campo de control ES-MaACL
005 - FECHA Y HORA DE LA ÚLTIMA TRANSACCIÓN
campo de control 20250918194237.0
007 - CAMPO FIJO DE DESCRIPCIÓN FÍSICA--INFORMACIÓN GENERAL
campo de control de longitud fija t|
008 - DATOS DE LONGITUD FIJA--INFORMACIÓN GENERAL
campo de control de longitud fija 031202s1915 sp ||||1| spa d
245 00 - MENCIÓN DEL TÍTULO
Título Noticias históricas y genealógicas de los estados de Montijo y Teba :
Resto del título según los documentos de sus archivos /
Mención de responsabilidad, etc. las publica el Duque de Berwick y de Alba.
260 ## - PUBLICACIÓN, DISTRIBUCIÓN, ETC.
Lugar de publicación, distribución, etc. Madrid :
Nombre del editor, distribuidor, etc. [s.n.],
Fecha de publicación, distribución, etc. 1915 (
Fabricante Imp. Alemana)
300 ## - DESCRIPCIÓN FÍSICA
Extensión VII, 370 p., [18] h. de lám. col. y n. :
Otras características físicas il. ;
Dimensiones 30 cm.
650 #4 - PUNTO DE ACCESO ADICIONAL DE MATERIA--TÉRMINO DE MATERIA
Término de materia o nombre geográfico como elemento de entrada Genealogía.
9 (RLIN) 13045
650 #4 - PUNTO DE ACCESO ADICIONAL DE MATERIA--TÉRMINO DE MATERIA
Término de materia o nombre geográfico como elemento de entrada Nobleza-
Subdivisión geográfica España-
Subdivisión de forma Historia.
9 (RLIN) 167931
700 1# - ENTRADA AGREGADA--NOMBRE PERSONAL
Nombre de persona Alba, Jacobo Fitz-James Stuart y Falcó,
Títulos y otros términos asociados al nombre Duque de,
Fechas asociadas al nombre 1878-1953
9 (RLIN) 173467
852 ## - LOCALIZACIÓN
Ubicación ES-MaACL
Número de control de estantería C-2273
Holdings
Estatus retirado Estado de pérdida Estado de daño No para préstamo Biblioteca de origen Biblioteca actual Ubicación en estantería Fecha de adquisición Fuente de adquisición Total de préstamos Signatura topográfica completa Código de barras Visto por última vez Precio de reemplazo Tipo de ítem Koha
        Biblioteca del Ateneo de Madrid Biblioteca del Ateneo de Madrid Sala Palomar 17/01/2008     C-2273 1056993 23/02/2023 23/02/2023 Libro impreso